|
|
|
|
| LEADER |
00000nam a2200000 i 4500 |
| 001 |
1/61251 |
| 008 |
980609s1992 eng d |
| 020 |
|
|
|a 0566090988
|
| 035 |
|
|
|l 10028861
|
| 040 |
|
|
|a GR-MY-UA
|b gre
|e aacr
|
| 041 |
0 |
|
|a eng
|
| 082 |
0 |
|
|a 658.788
|
| 100 |
1 |
|
|a Attwood, Peter.
|
| 245 |
1 |
0 |
|a Logistics of a distribution system /
|c Peter and Nigel Attwood
|
| 260 |
|
|
|a Aldershot, Hants, England :
|b Gower,
|c c1992
|
| 300 |
|
|
|a xii, 267 p.;
|c 24 cm.
|
| 500 |
|
|
|a Includes index
|
| 650 |
0 |
0 |
|a Physical distribution of goods
|x Management.
|
| 700 |
1 |
|
|a Attwood, Nigel.
|
| 852 |
|
|
|a INST
|b CHIOS
|e 19980609
|h 658.788 ATT
|p 005200016322
|q 005200016322
|t BK
|y 0
|
| 852 |
|
|
|a INST
|b SAMOS
|e 19990510
|h 658.788 ATT
|p 005300013054
|q 005300013054
|t BK
|y 0
|
| 901 |
|
|
|a BIBL-1998-2
|
| 901 |
|
|
|a BIBL3-1999-2
|
| 909 |
|
|
|a Χ
|b 056985
|
| 909 |
|
|
|a Σ
|b 064062
|
| 922 |
|
|
|a 2ΕΛΗ
|b 199805
|c ΤΔΕ
|d ΠΑΠΑΣΩΤΗΡΙΟΥ
|
| 922 |
|
|
|a 3ΕΛΗ
|b 199901
|c ΚΠΣ
|d GLORY
|